El barbero y el coronel /

Bibliographic Details
Main Author: Machado, Ana Maria, 1941-
Other Authors: Da Coll, Ivar, Esguerra, Juan Fernando
Format: Book
Language:Spanish
Published: Barcelona : Grupo Editorial Norma, [1999]
Series:Colección Torre de papel. Torre naranja.
Subjects:

MARC

Tag First Indicator Second Indicator Subfields
LEADER 00000cam a2200000Ia 4500
001 in00001649310
005 20151023121942.0
008 991108s1999 sp a j 000 1 spa d
020 |a 9580450358 (pbk.) 
035 |a (OCoLC)ocm42786174 
040 |a CS1  |c CS1  |d TXA  |d UtOrBLW 
041 1 |a spa  |h por 
049 |a TXAM 
090 |a PZ73  |b .M23 1999 
092 |a Fic  |b Machado 
100 1 |a Machado, Ana Maria,  |d 1941- 
245 1 3 |a El barbero y el coronel /  |c Ana Maria Machado ; ilustraciones de Ivar Da Coll ; traducción de Juan Fernando Esguerra. 
264 1 |a Barcelona :  |b Grupo Editorial Norma,  |c [1999] 
264 4 |c ©1999 
300 |a 48 pages :  |b color illustrations ;  |c 19 cm. 
336 |a text  |b txt  |2 rdacontent 
337 |a unmediated  |b n  |2 rdamedia 
338 |a volume  |b nc  |2 rdacarrier 
490 1 |a Colección Torre de papel. Torre naranja 
500 |a Translation of: O barbeiro e o coronel. 
650 0 |a Barbers  |v Fiction. 
700 1 |a Da Coll, Ivar. 
700 1 |a Esguerra, Juan Fernando. 
700 1 2 |a Machado, Ana Maria,  |d 1941-  |t Barbeiro e o coronel.  |l Spanish. 
830 0 |a Colección Torre de papel.  |p Torre naranja. 
948 |a cataloged  |b h  |c 2002/2/7  |d c  |e jgreene  |f 12:12:56 pm 
994 |a E0  |b TXA 
999 |a MARS 
999 f f |s 74980420-6c91-3ccb-b49c-3912a9d659c4  |i 517c4c7f-1843-389b-94bd-ca87c27abb62  |t 0 
952 f f |p ric  |a Texas A&M University  |b Rellis Campus  |c Joint Library Facility  |d Remote Storage  |t 0  |e PZ73 .M23 1999  |h Library of Congress classification  |i unmediated -- volume  |m A14828527918 
998 f f |a PZ73 .M23 1999  |t 0  |l Remote Storage